• 首页
  • 本馆介绍
  • 公告通知
  • 最新文献
  • 馆藏检索
  • 电子资源
  • 读者导购
  • 参考咨询
  • 我的图书馆
  • 登录
  • 详细信息显示
  • 放入我的书架
  • 预约/预借图书
  • 作者相关作品
  • 分类相关作品
  • 丛书相关作品
  • 出版社相关作品

书目信息

  • 表格格式
  • 工作单格式
  • 卡片格式
题名:
隋末唐初大变局
    
 
作者: 姜越 编著
分册:  
出版信息: 沈阳   辽宁人民出版社  2018
页数: 226页
开本: 24cm
丛书名:
单 册:
中图分类: K241.09
科图分类:
主题词: 隋唐时代--历史--普及读物
电子资源:
ISBN: 978-7-205-09205-4
000 00708nam0 2200241 450
001 012001000226
005 20140920091301.0
010    @a978-7-205-09205-4@dCNY43.80
100    @a20180412d2018 em y0chiy50 ea
101 0  @achi
102    @aCN@b210000
105    @aa z 000yy
106    @ar
200 1  @a隋末唐初大变局@9Sui Mo Tang Chu Da Bian Ju@f姜越编著
210    @a沈阳@c辽宁人民出版社@d2018
215    @a226页@c图@d24cm
300    @a王朝拐点系列
330    @a本书从杨广篡位写到“贞观之治”,将隋末唐初的纷争统收其中。
606 0  @a隋唐时代@x历史@j普及读物
690    @aK241.09@v5
701  0 @a姜越@9Jiang Yue@4编著
801  0 @aCN@b上海新华@c20180901
905    @b1041118-22@dK241.09@e16@f5
    
    隋末唐初大变局/姜越编著.-沈阳:辽宁人民出版社,2018
    226页:图;24cm
    王朝拐点系列
    
    ISBN 978-7-205-09205-4:CNY43.80
    本书从杨广篡位写到“贞观之治”,将隋末唐初的纷争统收其中。
●
相关链接 在E读中查询图书 在五车中查询图书 在当当中查询图书 在豆瓣中查询图书


正题名:隋末唐初大变局     索取号:K241.09/16         预约/预借

序号 登录号 条形码 馆藏地/架位号 状态 备注
1 1041118   210411188   第二样本阅览室/ [索取号:K241.09/16] 在馆    
2 1041119   210411197   第二借阅区/ [索取号:K241.09/16] 在馆    
3 1041120   210411204   第二借阅区/ [索取号:K241.09/16] 在馆    
4 1041121   210411213   第二借阅区/ [索取号:K241.09/16] 在馆    
5 1041122   210411222   密集书库-史法系/ [索取号:K241.09/16] 在馆    
唐山师范学院图书馆 欢迎您!
大连网信软件有限公司© 版权所有